logo

Bir Sreshtho Munshi Abdur Rouf Library
Jhenaidah Cadet College

শশাঙ্ক / (Record no. 2468)

MARC details
000 -LEADER
fixed length control field 00910nam a2200217 a 4500
001 - CONTROL NUMBER
JCCL Control Number 2468
003 - CONTROL NUMBER IDENTIFIER
JCCL marc code BD-JhCC
005 - DATE AND TIME OF LATEST TRANSACTION
control field 20171105103357.0
008 - FIXED-LENGTH DATA ELEMENTS--GENERAL INFORMATION
fixed length control field 171102s1986 II ||||| |||| 00| 0 ben d
035 ## - SYSTEM CONTROL NUMBER
system control number (BD-JhCC)
040 ## - CATALOGING SOURCE
Original cataloging agency BD-JhCC
Modifying agency BD-JhCC
041 ## - LANGUAGE CODE
Language code of Book ben
082 ## - DEWEY DECIMAL CLASSIFICATION NUMBER
Classification number 891.443
Author mark and Year BON 1986
100 ## - MAIN ENTRY--PERSONAL NAME
Personal name বন্দ্যোপাধ্যায়, রাখালদাস
245 ## - TITLE STATEMENT
Title শশাঙ্ক /
Statement of responsibility, etc রাখালদাস বন্দ্যোপাধ্যায়; ড. প্রভাতকুমার ভট্টাচার্য (সম্পা.)
260 ## - PUBLICATION, DISTRIBUTION, ETC. (IMPRINT)
Place of publication, distribution, etc কলিকাতা :
Name of publisher, distributor, etc ঘোষ দস্তিদার পাবলিশিং কনসার্স ;
Date of publication, distribution, etc ১৯৮৬
300 ## - PHYSICAL DESCRIPTION
Pagination ৩০৬ পৃ. ;
Dimensions ২২ সেমি
650 ## - SUBJECT ADDED ENTRY--TOPICAL TERM
Topical term or geographic name as entry element Bengali novel
700 ## - ADDED ENTRY--PERSONAL NAME
Personal name ভট্টাচার্য, ড. প্রভাতকুমার
942 ## - ADDED ENTRY ELEMENTS (KOHA)
Source of classification or shelving scheme Dewey Decimal Classification
Koha item type Books
Holdings
Source of classification or shelving scheme Damaged status Not for loan Home library Current library Date of accession Total Checkouts Full call number Barcode Date last seen Copy number Koha item type
Dewey Decimal Classification     JCC Rouf Library JCC Rouf Library 11/02/2017   891.443 BON 1986 2938 11/02/2017 C-1 Books

JCC Library | Contacts | JCC Home

Last Update on 23 September 2017
Copyright @ 2017-2020 JCC Rouf Library
Rouf Library, Jhenidah Cadet College (JCC), Bangladesh